Kontynenty - Statystyki

Ogólne statystyki
  • Ten quiz został rozwiązany 693 razy
  • Średni wynik to 6 z 7
Statystyki odpowiedzi
Obrazkowy Odpowiedź % Poprawnych
Europa
98%
Azja
97%
Afryka
95%
Ameryka Północna
93%
Ameryka Południowa
91%
Antarktyda
69%
Oceania
48%
Nie znaleziono quizów pasujących do podanych kryteriów
Rozkład punktacji
Procent ludzi z każdym wynikiem
Percentyl według liczby udzielonych odpowiedzi
Twoja historia wyników
Nie rozwiązałeś tego quizu